|
|
|
|
| LEADER |
00000nam0a2200000 4500 |
| 001 |
328897 |
| 005 |
20231102004116.0 |
| 035 |
|
|
|a (RuTPU)RU\TPU\book\354626
|
| 090 |
|
|
|a 328897
|
| 100 |
|
|
|a 20170227d1978 k y0rusy50 ca
|
| 101 |
0 |
|
|a rus
|
| 102 |
|
|
|a RU
|
| 105 |
|
|
|a a z 001zy
|
| 200 |
1 |
|
|a Математическое обеспечение управляющих вычислительных комплексов
|e [сборник статей]
|f Институт электронных управляющих машин (ИНЭУМ) ; под ред. И. Я. Ландау
|
| 210 |
|
|
|a Москва
|c Изд-во ИНЭУМ
|d 1978
|
| 215 |
|
|
|a 199 с.
|c ил.
|
| 225 |
1 |
|
|a Труды института [электронных управляющих машин]
|v Вып. 70
|
| 320 |
|
|
|a Библиогр. в конце ст.
|
| 606 |
1 |
|
|a Управляющие машины
|x Математическое обеспечение
|2 stltpush
|3 (RuTPU)RU\TPU\subj\63098
|9 80144
|
| 610 |
1 |
|
|a компиляторы
|
| 610 |
1 |
|
|a моделирование
|
| 610 |
1 |
|
|a программирование
|
| 610 |
1 |
|
|a Ассемблер
|
| 610 |
1 |
|
|a алгоритмы
|
| 610 |
1 |
|
|a имитаторы
|
| 610 |
1 |
|
|a сетевые модели
|
| 610 |
1 |
|
|a банки данных
|
| 610 |
1 |
|
|a данные
|
| 610 |
1 |
|
|a проектирование
|
| 610 |
1 |
|
|a деассемблер
|
| 610 |
1 |
|
|a реляционные базы данных
|
| 610 |
1 |
|
|a реляционные базы данных
|
| 610 |
1 |
|
|a программы
|
| 610 |
1 |
|
|a схемы
|
| 675 |
|
|
|a 681.323.06
|v 4
|
| 702 |
|
1 |
|a Ландау
|b И. Я.
|4 340
|
| 712 |
0 |
2 |
|a Институт электронных управляющих машин (ИНЭУМ)
|g ИНЭУМ
|z 1958-
|2 stltpush
|3 (RuTPU)RU\TPU\col\22319
|
| 801 |
|
1 |
|a RU
|b 63413507
|c 20170227
|
| 801 |
|
2 |
|a RU
|b 63413507
|c 20170313
|g RCR
|
| 942 |
|
|
|c BK
|